[Event "4NCL/Div4/GUI5 vs. SCS"]
[Site "West Bromwich ENG"]
[Date "2005.12.03"]
[Round "3.5"]
[White "Adami, Mark"]
[Black "Clarke, Sean A"]
[Result "0-1"]
[WhiteElo "1745"]
[BlackElo "1775"]
[PlyCount "71"]
[EventDate "2005.12.03"]
[SourceDate "2005.10.25"]

1. d4 Nf6 2. c4 c5 3. d5 d6 4. Nc3 g6 5. Nf3 Bg4 6. e4 Nbd7 7. Be2 Bg7 8. Bf4
Nh5 9. Be3 Nb6 10. Nd2 Bxe2 11. Qxe2 O-O 12. O-O Qd7 13. f4 e6 14. Rae1 f5 15.
dxe6 Qxe6 16. exf5 Qxf5 17. g4 Qc2 18. gxh5 Qxb2 19. Nd5 Nxd5 20. cxd5 Qxa2 21.
hxg6 hxg6 22. Qg2 Qc2 23. Re2 Rae8 24. Rfe1 Rxe3 25. Rxe3 Bd4 26. Kh1 Bxe3 27.
Rxe3 Qc1+ 28. Nf1 Kg7 29. Rg3 Qb1 30. Rf3 Qe4 31. Ng3 Qxd5 32. Nh5+ Qxh5 33.
Qb2+ Kg8 34. Qb3+ Rf7 35. Rh3 Qf5 36. Qb2 0-1

[Event "4NCL/Div4/GUI5 vs. SCS"]
[Site "West Bromwich ENG"]
[Date "2005.12.03"]
[Round "3.6"]
[White "Tourbassova, Sasha"]
[Black "Mills, Nigel"]
[Result "0-1"]
[WhiteElo "1740"]
[BlackElo "1705"]
[PlyCount "104"]
[EventDate "2005.12.03"]
[SourceDate "2005.10.25"]

1. e4 c5 2. Nf3 d6 3. c3 Nf6 4. e5 Nd5 5. Bc4 e6 6. O-O Nb6 7. d4 Bd7 8. Bb3 d5
9. Be3 Na6 10. Nbd2 Rc8 11. Rc1 Be7 12. Qe2 Bc6 13. Ne1 Nd7 14. f4 g6 15. Bc2
Qb6 16. b3 Qa5 17. Bb1 Rb8 18. a4 cxd4 19. Bxd4 Bc5 20. Nef3 Qd8 21. Bd3 Bxd4+
22. Nxd4 Nac5 23. c4 Qb6 24. Kh1 h5 25. Rg1 Nxd3 26. Qxd3 h4 27. Nb5 O-O 28.
Qh3 Qd8 29. Nxa7 dxc4 30. Nxc4 Bd5 31. Nb5 Nc5 32. Rgd1 Qe7 33. Nd4 Ne4 34. Rc2
Rfd8 35. Qe3 Rbc8 36. a5 Rc7 37. Rb1 Kf8 38. Rbb2 Kg8 39. Kg1 Kf8 40. h3 Ke8
41. Kf1 Rdc8 42. Nd6+ Nxd6 43. exd6 Qxd6 44. Nb5 Qa6 45. Qd3 Ke7 46. Re2 Rc3
47. Qxd5 Rc1+ 48. Kf2 R8c5 49. Qd2 Qxb5 50. b4 Rc7 51. Re5 Qf1+ 52. Ke3 R7c3+
0-1

[Event "4NCL/Div4/RICB vs. GREN"]
[Site "West Bromwich ENG"]
[Date "2005.12.03"]
[Round "3.1"]
[White "Kamara, Khalid"]
[Black "Pugh, Derek C"]
[Result "0-1"]
[WhiteElo "1780"]
[BlackElo "2185"]
[PlyCount "58"]
[EventDate "2005.12.03"]
[SourceDate "2005.10.25"]

1. e4 Nc6 2. Nf3 e5 3. Bb5 Nd4 4. Nxd4 exd4 5. Bc4 Nf6 6. e5 d5 7. Bb5+ Nd7 8.
Ba4 Bc5 9. O-O O-O 10. Bxd7 Bxd7 11. d3 f6 12. Bf4 c6 13. Re1 fxe5 14. Bxe5 Qg5
15. Qd2 Qg6 16. h4 Rae8 17. Na3 Be7 18. Bg3 Rf5 19. Re2 Bd6 20. Bxd6 Qxd6 21.
Rae1 Ref8 22. Nb1 R5f6 23. Qg5 h6 24. Qd2 Rg6 25. Re5 Qf6 26. h5 Rg4 27. Re7
Qf3 28. g3 Rh4 29. Rxg7+ Kxg7 0-1

[Event "4NCL/Div4/RICB vs. GREN"]
[Site "West Bromwich ENG"]
[Date "2005.12.03"]
[Round "3.2"]
[White "Osborne, David C"]
[Black "Kenyon, Scott J M"]
[Result "1-0"]
[WhiteElo "2085"]
[BlackElo "1840"]
[PlyCount "57"]
[EventDate "2005.12.03"]
[SourceDate "2005.10.25"]

1. e4 e5 2. Bc4 Nf6 3. d3 c6 4. Nf3 d5 5. Bb3 Bd6 6. Nc3 d4 7. Ne2 h6 8. O-O
Be6 9. Bxe6 fxe6 10. c3 c5 11. Qb3 Qd7 12. cxd4 cxd4 13. Nexd4 exd4 14. e5 Bc7
15. exf6 gxf6 16. Re1 e5 17. Nxd4 Qxd4 18. Qe6+ Kf8 19. Qxf6+ Kg8 20. Qg6+ Kf8
21. Bxh6+ Rxh6 22. Qxh6+ Kg8 23. Re4 Qxe4 24. dxe4 Nc6 25. Rd1 Nd4 26. Rd3 Rd8
27. Rg3+ Kf7 28. Rg7+ Ke8 29. Qh8# 1-0

[Event "4NCL/Div4/RICB vs. GREN"]
[Site "West Bromwich ENG"]
[Date "2005.12.03"]
[Round "3.3"]
[White "Ryan, Julian"]
[Black "Bass, John W"]
[Result "0-1"]
[WhiteElo "1850"]
[BlackElo "2050"]
[PlyCount "72"]
[EventDate "2005.12.03"]
[SourceDate "2005.10.25"]

1. e4 c5 2. Nf3 e6 3. d4 cxd4 4. Nxd4 a6 5. f4 Bc5 6. Nc3 b5 7. Be3 Qb6 8. Qd2
Bb7 9. Be2 Nc6 10. Rd1 Nge7 11. O-O d6 12. Bf2 Rd8 13. Nb3 Bxf2+ 14. Rxf2 O-O
15. Bf3 e5 16. f5 a5 17. f6 gxf6 18. Qh6 a4 19. Nc1 Nd4 20. N1e2 Nxe2+ 21. Nxe2
Ng6 22. Ng3 Kh8 23. Nh5 Rg8 24. Nxf6 Rg7 25. Rd3 d5 26. Nxd5 Bxd5 27. exd5 Rd6
28. Rdd2 Nf4 29. Qh4 f5 30. g4 Rh6 31. Qg3 Rh3 32. Kf1 Rxg3 33. hxg3 Nh3 34.
Rg2 fxg4 35. Be4 Rf7+ 36. Ke2 Rf2+ 0-1

[Event "4NCL/Div4/RICB vs. GREN"]
[Site "West Bromwich ENG"]
[Date "2005.12.03"]
[Round "3.4"]
[White "Johnson, Richard J"]
[Black "Glover, Robert"]
[Result "1-0"]
[WhiteElo "2025"]
[BlackElo "1795"]
[PlyCount "53"]
[EventDate "2005.12.03"]
[SourceDate "2005.10.25"]

1. e4 e6 2. d4 d5 3. e5 c5 4. c3 Qb6 5. Nf3 Nc6 6. a3 Nh6 7. b4 cxd4 8. cxd4
Nf5 9. Be3 a6 10. Bd3 Nxe3 11. fxe3 Bd7 12. O-O g6 13. Nc3 Bh6 14. Qe2 Na7 15.
Nd1 Rc8 16. Nf2 Rc3 17. Ng4 Rxd3 18. Nxh6 Bb5 19. Qf2 Rf8 20. Ng5 Qc7 21. Nxe6
Qc3 22. Nxf8 Rd2 23. Qxf7+ Kd8 24. Ne6+ Kc8 25. Qf8+ Kd7 26. Qd6+ Kc8 27. Rf8+
1-0

[Event "4NCL/Div4/RICB vs. GREN"]
[Site "West Bromwich ENG"]
[Date "2005.12.03"]
[Round "3.5"]
[White "Hall, Toby"]
[Black "Hardy, Roger"]
[Result "1/2-1/2"]
[WhiteElo "1730"]
[BlackElo "2020"]
[PlyCount "54"]
[EventDate "2005.12.03"]
[SourceDate "2005.10.25"]

1. d4 d5 2. c4 e6 3. Nc3 Nf6 4. Nf3 Nbd7 5. Bf4 c6 6. Qc2 Qa5 7. e3 Ne4 8. Rc1
Ndf6 9. Bd3 Be7 10. cxd5 exd5 11. O-O Nxc3 12. bxc3 O-O 13. Bg5 h6 14. Bxf6
Bxf6 15. h3 Be6 16. Rfe1 c5 17. Rb1 cxd4 18. cxd4 Rac8 19. Qd2 Qxd2 20. Nxd2
Rc3 21. Rb3 Rfc8 22. Bf1 b6 23. Rxc3 Rxc3 24. Nb3 Rc2 25. Re2 Rc7 26. Re1 Rc2
27. Re2 Rc7 1/2-1/2

[Event "4NCL/Div4/RICB vs. GREN"]
[Site "West Bromwich ENG"]
[Date "2005.12.03"]
[Round "3.6"]
[White "Butterworth, Paul"]
[Black "Flinders, Alexander"]
[Result "1-0"]
[WhiteElo "1890"]
[BlackElo "1660"]
[PlyCount "79"]
[EventDate "2005.12.03"]
[SourceDate "2005.10.25"]

1. d4 Nf6 2. c4 g6 3. Nc3 d5 4. cxd5 Nxd5 5. e4 Nxc3 6. bxc3 Bg7 7. Bc4 c5 8.
Be3 O-O 9. Ne2 Qa5 10. O-O Rd8 11. Qb3 e6 12. d5 Qb6 13. Rfd1 Na6 14. Rab1 Qxb3
15. Rxb3 exd5 16. Bxd5 Kf8 17. Rdb1 Rb8 18. f3 b6 19. Bf4 Bb7 20. Bxb8 Bxd5 21.
exd5 Nxb8 22. c4 Re8 23. Kf2 Nd7 24. a4 Ne5 25. Rc1 Bh6 26. Rc2 f5 27. a5 bxa5
28. Ra3 Rb8 29. Rxa5 Nd3+ 30. Kg3 f4+ 31. Kg4 Nf2+ 32. Kh4 Re8 33. Nxf4 Bxf4
34. Rxf2 Re5 35. g3 Be3 36. Rc2 Rh5+ 37. Kg4 Rg5+ 38. Kh3 Rf5 39. f4 h5 40.
Rxa7 1-0

[Event "4NCL/Div4/PONTY vs. CELT"]
[Site "West Bromwich ENG"]
[Date "2005.12.03"]
[Round "3.1"]
[White "White, Ian G"]
[Black "Spencer, Douglas"]
[Result "1-0"]
[WhiteElo "2029"]
[BlackElo "1902"]
[PlyCount "79"]
[EventDate "2005.12.03"]
[SourceDate "2005.10.25"]

1. e4 g6 2. d4 Bg7 3. c3 c6 4. Nf3 d6 5. Nbd2 Nf6 6. Bd3 O-O 7. O-O Qc7 8. Re1
Bg4 9. Nf1 e5 10. dxe5 dxe5 11. h3 Bxf3 12. Qxf3 Nbd7 13. Bc2 Nc5 14. Nh2 Ne6
15. g3 Rad8 16. Kg2 Qe7 17. Be3 b6 18. Qe2 c5 19. Nf3 Ne8 20. a4 N8c7 21. Rad1
Rxd1 22. Rxd1 Rd8 23. Rxd8+ Qxd8 24. Qd2 Qxd2 25. Nxd2 Kf8 26. a5 b5 27. f4
exf4 28. gxf4 Bh6 29. Kf3 Ke7 30. Nb3 c4 31. Nc5 a6 32. Nxe6 Nxe6 33. e5 Kd7
34. f5 Bxe3 35. fxe6+ Kxe6 36. Kxe3 Kxe5 37. Be4 f5 38. Bb7 f4+ 39. Kf3 h5 40.
Bxa6 1-0

[Event "4NCL/Div4/PONTY vs. CELT"]
[Site "West Bromwich ENG"]
[Date "2005.12.03"]
[Round "3.2"]
[White "Tew, Paul"]
[Black "Robinson, David"]
[Result "0-1"]
[WhiteElo "1890"]
[BlackElo "2024"]
[PlyCount "77"]
[EventDate "2005.12.03"]
[SourceDate "2005.10.25"]

1. d4 Nf6 2. Bg5 g6 3. Bxf6 exf6 4. e3 Bg7 5. Nf3 O-O 6. Bd3 d6 7. c4 Nd7 8.
Nc3 f5 9. O-O Nf6 10. Qc2 Re8 11. b4 Qe7 12. Rab1 c6 13. a4 Bd7 14. c5 Rac8 15.
a5 a6 16. Rfe1 d5 17. Ne5 Be6 18. Be2 Qc7 19. f4 Re7 20. Bf3 Rce8 21. Na4 Ne4
22. Nd3 Kh8 23. Bxe4 fxe4 24. Nf2 Bf5 25. g4 Bc8 26. Nb6 Be6 27. Kg2 f5 28. g5
Bxd4 29. exd4 Qxf4 30. Qc1 Qf3+ 31. Kg1 f4 32. Qd1 Qxd1 33. Rbxd1 e3 34. Nd3
Bg4 35. Rc1 f3 36. Na4 Re4 37. Nb6 Rxd4 38. h3 Bf5 39. Nf2 0-1

[Event "4NCL/Div4/PONTY vs. CELT"]
[Site "West Bromwich ENG"]
[Date "2005.12.03"]
[Round "3.3"]
[White "Davies, Peter L"]
[Black "Kitchen, Peter J"]
[Result "1-0"]
[WhiteElo "1929"]
[BlackElo "1716"]
[PlyCount "87"]
[EventDate "2005.12.03"]
[SourceDate "2005.10.25"]

1. e4 e5 2. Nf3 Nc6 3. Bb5 a6 4. Ba4 Nf6 5. O-O Be7 6. Re1 b5 7. Bb3 O-O 8. a4
Bb7 9. c3 d6 10. d3 h6 11. Nbd2 Re8 12. Nf1 Bf8 13. h3 Na5 14. Bc2 c5 15. Ng3
Qc7 16. Nf5 Nc6 17. g4 Nh7 18. g5 h5 19. g6 fxg6 20. N5h4 Ne7 21. Ng5 Nxg5 22.
Bxg5 Qd7 23. Qf3 Qe6 24. Qg3 Kh7 25. f4 Bc6 26. fxe5 dxe5 27. Rf1 Ng8 28. a5
Be7 29. Nf3 Bf6 30. Kh2 Ne7 31. b3 Rf8 32. d4 cxd4 33. cxd4 exd4 34. e5 Bxf3
35. exf6 gxf6 36. Rae1 Qd7 37. Bd2 Bb7 38. Bb4 Rae8 39. Bxe7 Rxe7 40. Qxg6+ Kh8
41. Qh6+ Kg8 42. Rg1+ Rg7 43. Qh7+ Kf7 44. Bg6# 1-0

[Event "4NCL/Div4/PONTY vs. CELT"]
[Site "West Bromwich ENG"]
[Date "2005.12.03"]
[Round "3.4"]
[White "Larter, Nick"]
[Black "Taylor, Robert G"]
[Result "0-1"]
[WhiteElo "1750"]
[BlackElo "2002"]
[PlyCount "114"]
[EventDate "2005.12.03"]
[SourceDate "2005.10.25"]

1. e4 c5 2. c4 Nc6 3. Nc3 Nf6 4. g3 d6 5. Bg2 g6 6. Nge2 Bg7 7. O-O O-O 8. d3
e6 9. Rb1 Qe7 10. h3 Rd8 11. Re1 Rb8 12. Bg5 h6 13. Bxf6 Bxf6 14. Qd2 Bg7 15.
Nf4 Qf8 16. h4 a6 17. Nce2 b5 18. b3 Bd7 19. Nh3 Nd4 20. Nxd4 Bxd4 21. Kh2 Qg7
22. Rf1 Bc6 23. Nf4 b4 24. Ne2 Kh7 25. Nxd4 Qxd4 26. Rbe1 a5 27. Qe3 Qxe3 28.
Rxe3 e5 29. f4 Kg7 30. g4 f6 31. Bh3 a4 32. g5 hxg5 33. fxg5 Rf8 34. Rg3 fxg5
35. Rxg5 Rxf1 36. Bxf1 Rf8 37. Kg2 Kh6 38. Be2 axb3 39. axb3 Ra8 40. Kf2 Ra3
41. Bd1 Ra2+ 42. Ke3 Rh2 43. Rg1 Rxh4 44. Be2 Rf4 45. Ra1 Rf6 46. Bg4 Be8 47.
Rh1+ Kg7 48. Ra1 Bf7 49. Ra6 Kh6 50. Ra1 Be6 51. Bf3 Kg7 52. Ra6 Bh3 53. Ra7+
Kh6 54. Ra8 Kg5 55. Ra1 Kh4 56. Kf2 Bg4 57. Rh1+ Kg5 0-1

[Event "4NCL/Div4/PONTY vs. CELT"]
[Site "West Bromwich ENG"]
[Date "2005.12.03"]
[Round "3.5"]
[White "Lobo, Richard"]
[Black "Kitchen, Michael J"]
[Result "1/2-1/2"]
[WhiteElo "1945"]
[BlackElo "1765"]
[PlyCount "67"]
[EventDate "2005.12.03"]
[SourceDate "2005.10.25"]

1. e4 e6 2. d4 d5 3. e5 c5 4. c3 Nc6 5. Be3 cxd4 6. cxd4 Nge7 7. Nc3 a6 8. Qd2
Nf5 9. Nf3 Be7 10. Bd3 Bd7 11. Bxf5 exf5 12. Nxd5 Be6 13. Nxe7 Nxe7 14. Bg5 Qd7
15. Bxe7 Qxe7 16. O-O Rd8 17. Rfd1 O-O 18. b3 Rd5 19. Rac1 Rc8 20. Rxc8+ Bxc8
21. Rc1 Be6 22. h3 h6 23. Qc3 Rd7 24. Qc8+ Kh7 25. Qc3 Bd5 26. Qd3 Be4 27. Qe3
Qe6 28. Nd2 Bc6 29. Rc5 b6 30. Rc1 Qd5 31. Nf3 Qe6 32. Nd2 Qd5 33. Nf3 Qe6 34.
Nd2 1/2-1/2

[Event "4NCL/Div4/PONTY vs. CELT"]
[Site "West Bromwich ENG"]
[Date "2005.12.03"]
[Round "3.6"]
[White "Bannon, Senan"]
[Black "Lobo, Robert J"]
[Result "1-0"]
[WhiteElo "1284"]
[BlackElo "1565"]
[PlyCount "109"]
[EventDate "2005.12.03"]
[SourceDate "2005.10.25"]

1. e4 e5 2. Nf3 Nf6 3. Nc3 Bb4 4. d3 d5 5. Bd2 Bg4 6. Be2 dxe4 7. Nxe4 Nxe4 8.
Bxb4 Bxf3 9. Bxf3 Qd4 10. O-O Nxf2 11. Rxf2 Qxb4 12. c3 Qb5 13. Qe2 c6 14. d4
Qa5 15. b4 Qc7 16. Qxe5+ Qxe5 17. dxe5 Nd7 18. Re1 O-O 19. e6 fxe6 20. Rxe6
Rae8 21. Rfe2 Rxe6 22. Rxe6 Rf7 23. Re8+ Nf8 24. b5 Rc7 25. Ra8 h6 26. Rxa7
cxb5 27. Ra8 Rd7 28. Rb8 g6 29. Rxb7 Rxb7 30. Bxb7 Ne6 31. Bd5 Kf7 32. Kf2 Kf6
33. Ke3 Nc7 34. Kd4 Ke7 35. c4 bxc4 36. Bxc4 Na8 37. Kc5 Kd7 38. a4 h5 39. Bf7
Nc7 40. Bxg6 h4 41. g3 hxg3 42. hxg3 Na6+ 43. Kb6 Nb4 44. a5 Nd5+ 45. Kb7 Nb4
46. a6 Nxa6 47. Kxa6 Ke6 48. g4 Kf6 49. Bf5 Kg5 50. Kb5 Kh4 51. Kc6 Kg5 52. Kd6
Kf6 53. Kd5 Kg5 54. Ke4 Kf6 55. Kf4 1-0

[Event "4NCL/Div4/ADD vs. HAL"]
[Site "West Bromwich ENG"]
[Date "2005.12.03"]
[Round "3.1"]
[White "Dupré, Paul D"]
[Black "Tarr, Steve"]
[Result "1/2-1/2"]
[WhiteElo "2050"]
[BlackElo "1940"]
[PlyCount "125"]
[EventDate "2005.12.03"]
[SourceDate "2005.10.25"]

1. d4 Nf6 2. c4 e6 3. Nc3 d5 4. Bg5 Be7 5. cxd5 exd5 6. Qc2 h6 7. Bh4 O-O 8. e3
b6 9. Rd1 Be6 10. Bd3 Nbd7 11. Nge2 c5 12. O-O Re8 13. Qb1 Qc8 14. Bb5 a6 15.
Bxd7 Qxd7 16. dxc5 bxc5 17. Rd2 Qc6 18. Rfd1 Ne4 19. Nxe4 Bxh4 20. N4c3 Red8
21. Nf4 d4 22. exd4 cxd4 23. Rxd4 Bg4 24. Nfd5 Bxd1 25. Qxd1 Bf6 26. Nxf6+ Qxf6
27. Nd5 Qe6 28. h3 Rac8 29. Qd3 Qe1+ 30. Kh2 Qe5+ 31. f4 Qe6 32. b4 g5 33. f5
Qe5+ 34. g3 Rc2+ 35. Qxc2 Qxd4 36. Ne7+ Kf8 37. Nc6 Qd2+ 38. Qxd2 Rxd2+ 39. Kg1
Rxa2 40. Ne5 Rb2 41. Nd7+ Ke7 42. Nb8 Ra2 43. Nc6+ Kf6 44. g4 Rc2 45. Nb8 Ra2
46. Nc6 Ra3 47. Kg2 Rb3 48. Kh2 Kg7 49. Kg2 f6 50. Kh2 Kf8 51. Kg2 Ke8 52. Kh2
Ra3 53. Nd4 Ra4 54. Ne6 Ra2+ 55. Kg3 Rc2 56. Kf3 Rc4 57. Nc5 a5 58. Ne4 Rxe4
59. Kxe4 axb4 60. Kd4 Kd7 61. Kc4 Kd6 62. Kxb4 Kd5 63. Kb5 1/2-1/2

[Event "4NCL/Div4/ADD vs. HAL"]
[Site "West Bromwich ENG"]
[Date "2005.12.03"]
[Round "3.2"]
[White "Ambrose, Andy"]
[Black "Hamilton, Robert"]
[Result "0-1"]
[WhiteElo "1920"]
[BlackElo "2025"]
[PlyCount "57"]
[EventDate "2005.12.03"]
[SourceDate "2005.10.25"]

1. e4 c5 2. Nf3 d6 3. d4 cxd4 4. Nxd4 Nf6 5. Nc3 g6 6. f3 Bg7 7. Be3 Nc6 8. Qd2
O-O 9. O-O-O Nxd4 10. Bxd4 Be6 11. Nd5 Bxd5 12. exd5 Qc7 13. Bc3 Rfc8 14. Bxf6
Bxf6 15. Bd3 b5 16. g4 a5 17. g5 Bg7 18. h4 b4 19. h5 b3 20. axb3 a4 21. hxg6
hxg6 22. Bc4 axb3 23. cxb3 Ra2 24. Qh2 Rxb2 25. Rd2 Rxb3 26. Rc2 Rbb8 27. Bd3
Qa5 28. Qh7+ Kf8 29. Rhh2 0-1

[Event "4NCL/Div4/ADD vs. HAL"]
[Site "West Bromwich ENG"]
[Date "2005.12.03"]
[Round "3.3"]
[White "Klein, Cornelia"]
[Black "Peck, Windsor W"]
[Result "1/2-1/2"]
[WhiteElo "1905"]
[BlackElo "1910"]
[PlyCount "58"]
[EventDate "2005.12.03"]
[SourceDate "2005.10.25"]

1. e4 e6 2. d4 d5 3. Nd2 Nf6 4. Bd3 Be7 5. Ngf3 O-O 6. O-O Re8 7. Re1 b6 8. c3
Bb7 9. a4 c5 10. e5 Nfd7 11. b3 Nc6 12. Nf1 cxd4 13. cxd4 Rc8 14. Bd2 Nb4 15.
Bb1 Qc7 16. Ne3 Nf8 17. Bxb4 Bxb4 18. Re2 Ba6 19. Bd3 Bxd3 20. Qxd3 Qc3 21. Qd1
Be7 22. Rb1 Qc7 23. Rc2 Qb7 24. Nd2 Rxc2 25. Qxc2 Rc8 26. Qd1 Qc6 27. Nf3 Qc3
28. h3 Nd7 29. Kh2 h6 1/2-1/2

[Event "4NCL/Div4/ADD vs. HAL"]
[Site "West Bromwich ENG"]
[Date "2005.12.03"]
[Round "3.4"]
[White "Banks, Peter"]
[Black "Goggin, Eamonn P"]
[Result "0-1"]
[WhiteElo "1775"]
[BlackElo "1885"]
[PlyCount "72"]
[EventDate "2005.12.03"]
[SourceDate "2005.10.25"]

1. e4 c5 2. Nf3 Nc6 3. d4 cxd4 4. Nxd4 g6 5. Nc3 Bg7 6. Nf3 Nf6 7. Bd3 O-O 8.
Bd2 d5 9. exd5 Nxd5 10. Rb1 Nxc3 11. Bxc3 Bxc3+ 12. bxc3 Qa5 13. Nd2 Qxa2 14.
O-O Qa5 15. Rb3 b6 16. Nc4 Qd5 17. Ne3 Qe5 18. Re1 Bb7 19. Ng4 Qg5 20. Rb5 Qf4
21. Re4 Qd6 22. Nh6+ Kg7 23. Rh4 Ne5 24. Nf5+ gxf5 25. Qh5 Qg6 26. g3 Qxh5 27.
Rxh5 Nxd3 28. cxd3 e6 29. Rb4 Rfd8 30. d4 Rac8 31. Rb3 Rxd4 32. Kf1 Rd3 33. Rh4
Rdxc3 34. Rxc3 Rxc3 35. Ra4 a6 36. Rd4 Bd5 0-1

[Event "4NCL/Div4/ADD vs. HAL"]
[Site "West Bromwich ENG"]
[Date "2005.12.03"]
[Round "3.5"]
[White "Burgess, Thomas"]
[Black "Clark, Maureen"]
[Result "1-0"]
[WhiteElo "1820"]
[BlackElo "1720"]
[PlyCount "92"]
[EventDate "2005.12.03"]
[SourceDate "2005.10.25"]

1. d4 Nf6 2. Bf4 g6 3. Nf3 Bg7 4. e3 O-O 5. Nbd2 d5 6. Bd3 Bg4 7. h3 Bxf3 8.
Nxf3 Nbd7 9. c3 c5 10. Rc1 Rc8 11. O-O cxd4 12. exd4 e6 13. Re1 Qb6 14. Qb3
Qxb3 15. axb3 a6 16. Ne5 Nxe5 17. Bxe5 Rc6 18. Ra1 Nh5 19. Bxg7 Nxg7 20. g3 f5
21. b4 Ne8 22. Ra5 Nc7 23. Rc5 Rxc5 24. bxc5 Kf7 25. b4 Ra8 26. Ra1 Ke7 27. b5
axb5 28. Rxa8 Nxa8 29. Bxb5 Nc7 30. Ba4 Ne8 31. Bxe8 Kxe8 32. Kg2 Kd7 33. Kf3
Ke7 34. Kf4 Kf6 35. h4 h6 36. f3 g5+ 37. hxg5+ hxg5+ 38. Ke3 e5 39. dxe5+ Kxe5
40. Kd3 f4 41. g4 Ke6 42. Kd4 b5 43. cxb6 Kd6 44. b7 Kc7 45. b8=Q+ Kxb8 46.
Kxd5 Kc7 1-0

[Event "4NCL/Div4/ADD vs. HAL"]
[Site "West Bromwich ENG"]
[Date "2005.12.03"]
[Round "3.6"]
[White "McClory, Bernard H"]
[Black "O'Neill, Tom"]
[Result "0-1"]
[WhiteElo "1680"]
[BlackElo "1630"]
[PlyCount "96"]
[EventDate "2005.12.03"]
[SourceDate "2005.10.25"]

1. d4 Nf6 2. Nc3 e6 3. a3 b6 4. Bf4 d5 5. Nf3 Nbd7 6. Nb5 Bd6 7. Bxd6 cxd6 8.
Nxd6+ Ke7 9. Nxc8+ Rxc8 10. e3 Qc7 11. c3 Ne4 12. Rc1 Ndf6 13. Ne5 Qd6 14. Qb3
a5 15. f3 Nc5 16. Qb5 Rhd8 17. Nd3 Ncd7 18. b4 Rb8 19. bxa5 bxa5 20. Qxa5 Rdc8
21. Qa4 e5 22. dxe5 Nxe5 23. Nxe5 Qxe5 24. Qd4 Qxd4 25. exd4 Kd6 26. a4 Re8+
27. Kd2 Rb2+ 28. Kd1 Nh5 29. Bb5 Re7 30. Re1 Rxe1+ 31. Kxe1 Rxg2 32. h4 Nf4 33.
a5 Rb2 34. Bf1 Ra2 35. a6 Ng2+ 36. Bxg2 Rxg2 37. Kd1 Kc7 38. c4 Rg1+ 39. Kd2
Rxc1 40. Kxc1 dxc4 41. a7 Kb7 42. a8=Q+ Kxa8 43. Kc2 h5 44. Kc3 g5 45. d5 gxh4
46. d6 Kb8 47. d7 Kc7 48. Kxc4 h3 0-1

[Event "4NCL/Div4/PAP vs. CHED"]
[Site "West Bromwich ENG"]
[Date "2005.12.04"]
[Round "4.1"]
[White "Summerscale, Aaron"]
[Black "Shaw, Robert"]
[Result "1-0"]
[WhiteElo "2432"]
[BlackElo "2240"]
[PlyCount "67"]
[EventDate "2005.12.04"]
[SourceDate "2005.10.25"]

1. d4 Nf6 2. c4 g6 3. Nc3 Bg7 4. e4 d6 5. Nf3 O-O 6. Be2 e5 7. O-O Nc6 8. d5
Ne7 9. Ne1 Nd7 10. Be3 f5 11. f3 f4 12. Bf2 g5 13. a4 h5 14. a5 Ng6 15. Nb5 a6
16. Na7 Kh8 17. Nxc8 Qxc8 18. Nd3 Rf7 19. c5 Bf8 20. Rc1 dxc5 21. Nxc5 Nxc5 22.
Bxc5 Bxc5+ 23. Rxc5 Qd8 24. Qb3 c6 25. dxc6 Qd4+ 26. Kh1 Qxc5 27. cxb7 Rxb7 28.
Qxb7 Rd8 29. Qxa6 Kg7 30. Qb5 Qe3 31. a6 Rd2 32. Bc4 Rc2 33. Qd7+ Kh6 34. a7
1-0

[Event "4NCL/Div4/PAP vs. CHED"]
[Site "West Bromwich ENG"]
[Date "2005.12.04"]
[Round "4.2"]
[White "Wallace, Paul"]
[Black "Hunt, Harriet"]
[Result "0-1"]
[WhiteElo "2235"]
[BlackElo "2352"]
[PlyCount "74"]
[EventDate "2005.12.04"]
[SourceDate "2005.10.25"]

1. e4 c5 2. Nc3 Nc6 3. Nf3 g6 4. d4 cxd4 5. Nxd4 Bg7 6. Be3 Nf6 7. Nxc6 bxc6 8.
e5 Ng8 9. f4 Nh6 10. Be2 O-O 11. O-O d6 12. exd6 exd6 13. Bd4 Nf5 14. Bxg7 Kxg7
15. Kh1 Qb6 16. Na4 Qa5 17. b3 Re8 18. Qe1 Qxe1 19. Rfxe1 Bb7 20. Bd3 Ne3 21.
Kg1 c5 22. Re2 Re6 23. c4 Rae8 24. Nc3 a6 25. Rb1 h5 26. Rbb2 h4 27. h3 Nxg2
28. Rxe6 Rxe6 29. Nd5 Ne3 30. f5 Nxf5 31. Bxf5 gxf5 32. Rd2 Rg6+ 33. Kh2 Rg3
34. Rd1 Kg6 35. Rd2 Kg5 36. Rd1 f4 37. Rd2 Bc8 0-1

[Event "4NCL/Div4/PAP vs. CHED"]
[Site "West Bromwich ENG"]
[Date "2005.12.04"]
[Round "4.3"]
[White "Sheldon, Ruth"]
[Black "Bennett, Patrick"]
[Result "1/2-1/2"]
[WhiteElo "2256"]
[BlackElo "2080"]
[PlyCount "150"]
[EventDate "2005.12.04"]
[SourceDate "2005.10.25"]

1. d4 Nf6 2. c4 g6 3. Nc3 Bg7 4. e4 d6 5. Be2 O-O 6. Nf3 e5 7. d5 Nbd7 8. Be3
Ne8 9. Nd2 f5 10. exf5 gxf5 11. f4 exf4 12. Bxf4 Bh6 13. O-O Bxf4 14. Rxf4 Ne5
15. Nb3 Qg5 16. Qd2 Ng6 17. Rf2 Qxd2 18. Nxd2 Bd7 19. Nb5 Ne5 20. Rc1 c5 21.
dxc6 bxc6 22. Nd4 Rb8 23. b3 c5 24. Nc2 Nf6 25. Ne3 Rbe8 26. Rcf1 Nc6 27. Nd5
Nxd5 28. cxd5 Nd4 29. Bd3 Re3 30. Bb1 Re5 31. Nc4 Rxd5 32. Be4 Ne2+ 33. Rxe2
fxe4 34. Rxe4 Rxf1+ 35. Kxf1 Rf5+ 36. Ke1 d5 37. Re7 Bb5 38. Ne3 Rh5 39. Ng4
Kf8 40. Rxa7 d4 41. Rc7 Bd3 42. a4 Rg5 43. Nf6 c4 44. bxc4 Rxg2 45. Nxh7+ Kg8
46. Nf6+ Kf8 47. Nh7+ Kg8 48. Nf6+ Kf8 49. Rd7 Re2+ 50. Kd1 Rxh2 51. Rxd4 Bc2+
52. Kc1 Bxa4 53. Nd5 Bb3 54. Nb4 Bxc4 55. Rxc4 Ke7 56. Rc6 Kd7 57. Ra6 Rg2 58.
Nc2 Rg1+ 59. Kd2 Rg3 60. Ne3 Rg1 61. Kd3 Rc1 62. Nc4 Ke7 63. Kd4 Rd1+ 64. Ke4
Re1+ 65. Ne3 Kd7 66. Kd4 Re2 67. Nf5 Re6 68. Ra5 Re1 69. Kd5 Rc1 70. Ra7+ Rc7
71. Ra6 Rc1 72. Rd6+ Kc7 73. Nd4 Rd1 74. Rc6+ Kd7 75. Rh6 Re1 1/2-1/2

[Event "4NCL/Div4/PAP vs. CHED"]
[Site "West Bromwich ENG"]
[Date "2005.12.04"]
[Round "4.4"]
[White "Risley, David A"]
[Black "Forbes, Cathy"]
[Result "1/2-1/2"]
[WhiteElo "2070"]
[BlackElo "2075"]
[PlyCount "81"]
[EventDate "2005.12.04"]
[SourceDate "2005.10.25"]

1. e4 c5 2. Nf3 e6 3. c3 d5 4. exd5 Qxd5 5. d4 Nf6 6. Nbd2 Be7 7. Bc4 Qd8 8.
O-O O-O 9. Nb3 cxd4 10. Nbxd4 Qc7 11. Qe2 a6 12. Bg5 Nc6 13. Rad1 Bd7 14. Rd2
Rfd8 15. Rfd1 Rac8 16. Bb3 Na5 17. Nf5 Bb5 18. Nxe7+ Qxe7 19. Qe5 Nxb3 20. axb3
Rxd2 21. Rxd2 Rd8 22. Nd4 Rd5 23. Qe3 Be8 24. h3 h6 25. Bh4 g5 26. Bg3 Nh5 27.
Bh2 Qf6 28. Nf3 Bc6 29. Be5 Qg6 30. Qe1 Nf4 31. Bxf4 gxf4 32. Nh4 Qg5 33. Nf3
Qg7 34. Rxd5 Bxd5 35. Qd1 Qg6 36. c4 Bc6 37. Nh4 Qg5 38. Nf3 Qg7 39. Qe2 Bxf3
40. Qxf3 Qxb2 41. Qxb7 1/2-1/2

[Event "4NCL/Div4/PAP vs. CHED"]
[Site "West Bromwich ENG"]
[Date "2005.12.04"]
[Round "4.5"]
[White "Lang, Heather"]
[Black "Laurence, Geoffrey"]
[Result "1/2-1/2"]
[WhiteElo "2040"]
[BlackElo "1970"]
[PlyCount "116"]
[EventDate "2005.12.04"]
[SourceDate "2005.10.25"]

1. e4 Nc6 2. Nf3 d6 3. d4 Bg4 4. Be2 Nf6 5. Nc3 a6 6. a4 e6 7. O-O Be7 8. d5
exd5 9. exd5 Bxf3 10. Bxf3 Ne5 11. Be2 O-O 12. Bf4 Qd7 13. Re1 Rae8 14. Bf1 Bd8
15. Qd4 Ng6 16. Bd2 Ne5 17. Bf4 Qf5 18. Bxe5 Rxe5 19. Bd3 Qg4 20. Qa7 Rg5 21.
Bf1 Nxd5 22. Nxd5 Rxd5 23. Qxb7 Rd2 24. Qxa6 Qd4 25. Re2 Rxe2 26. Qxe2 Qxb2 27.
Re1 Qa2 28. Qc4 Qxc4 29. Bxc4 Bf6 30. Bd5 Rb8 31. Bc6 Bc3 32. Rd1 Rb2 33. Be4
Ra2 34. Rb1 g6 35. g3 Rxa4 36. Bd3 Bd4 37. h4 Kg7 38. Kg2 Bc5 39. h5 gxh5 40.
Rh1 h4 41. Rxh4 Rxh4 42. gxh4 h6 43. h5 Kf6 44. Kg3 Bd4 45. Bc4 Bc3 46. Kf4
Bd2+ 47. Kg4 c6 48. Ba6 Ke5 49. Bb7 f5+ 50. Kf3 Kd5 51. Bc8 Ke5 52. Bb7 c5 53.
c4 Kf6 54. Ke2 Bf4 55. Bd5 Kg5 56. Bf7 Kg4 57. f3+ Kg5 58. Kd3 Bc1 1/2-1/2